The believer is a winner. (Record no. 12591)

000 -LEADER
fixed length control field 00520nam a2200181 a 4500
001 - CONTROL NUMBER
control field :::00010399$&:&@@
003 - CONTROL NUMBER IDENTIFIER
control field OkBaRHE
005 - DATE AND TIME OF LATEST TRANSACTION
control field 20000607103358.0
008 - FIXED-LENGTH DATA ELEMENTS--GENERAL INFORMATION
fixed length control field s1979 j 000 0 eng u
040 ## - CATALOGING SOURCE
Transcribing agency
100 1# - MAIN ENTRY--PERSONAL NAME
Personal name Dufresne, Ed.
245 14 - TITLE STATEMENT
Title The believer is a winner.
260 ## - PUBLICATION, DISTRIBUTION, ETC. (IMPRINT)
Place of publication, distribution, etc Tulsa, OK., :
Name of publisher, distributor, etc Harrison House
Date of publication, distribution, etc c1979
300 ## - PHYSICAL DESCRIPTION
Extent 32 p. ;
Dimensions 14 cm.
650 ## - SUBJECT ADDED ENTRY--TOPICAL TERM
Topical term or geographic name as entry element Christian Life
942 ## - ADDED ENTRY ELEMENTS (KOHA)
Source of classification or shelving scheme
Koha item type Books
Copies
Damaged status Shelving location Barcode Price effective from Permanent Location Not for loan Copy number Lost status Date acquired Full call number Source of classification or shelving scheme Koha item type Date last seen Withdrawn status
 General Stacks103992010-04-14RHEMA Bible Training College 1 2010-04-14BV 4501 .D8 Books2010-04-14